| 000 | 00749nam a2200229 a 4500 | ||
|---|---|---|---|
| 001 | 82737 | ||
| 003 | BD-RjUL | ||
| 005 | 20240123111846.0 | ||
| 008 | 240123r19471916enk 000 0 eng d | ||
| 035 | _a(BD-RjUL)82737 | ||
| 040 |
_aBGU _beng _cBD-RjUL |
||
| 041 | _aeng | ||
| 082 |
_223 _a813.49 _bHAS 1947 |
||
| 100 | 1 |
_aHarte, Bret, _d1836-1902 _911043 |
|
| 245 | 1 | 0 |
_aStories and poems / _cby Bret Harte : selected and edited with and introduction and notes by William MacDonald. |
| 260 |
_aLondon : _bOxford University Press, _c1947, [reprinted 1916] |
||
| 300 |
_alxxv, 638 p.; _c19 cm. |
||
| 500 | _aReprint. originally published: 1916 | ||
| 650 |
_aShort stories, American _911044 |
||
| 650 |
_aAmerican literature _95072 |
||
| 942 |
_2ddc _cBK |
||
| 999 |
_c82737 _d82737 |
||